Francouzsky od A do Z
Gespeichert in:
| Format: | Buch |
|---|---|
| Sprache: | Französisch Tschechisch |
| Veröffentlicht: |
Praha
Orbis
1948
|
| Tags: |
Keine Tags, Fügen Sie das erste Tag hinzu!
|
MARC
| LEADER | 00000nam a2200000 4500 | ||
|---|---|---|---|
| 001 | 0268991 | ||
| 005 | 20240822101713.9 | ||
| 041 | 0 | |a fre | |
| 041 | 0 | |a cze | |
| 044 | |a -CS | ||
| 245 | 1 | 0 | |a Francouzsky od A do Z |c Vladimír Smolák |
| 264 | 1 | |a Praha |b Orbis |c 1948 | |